000 00920nmc a2200301 a 4500
003 AR-BaBNM
005 20251128205502.0
008 077119s1994 ||||||||||||||000 | spa||
020 _a84-7827-103-1
040 _cAR-BaBNM
100 1 _aCorominas, Agustí
245 1 0 _aLa comunicación audiovisual y su integración en el currículum
250 _a1ª ed.
260 _aBarcelona
_bGraó
_bUniversidad de Barcelona. Institut de Ciències de l'Educació
_c1994
300 _a180 p.
_bdiagr., il.
490 0 _aMateriales para la innovación educativa
_vv. 9
504 _aContiene bibliografía
650 4 _aMEDIOS DE COMUNICACION
650 4 _aCOMUNICACION AUDIOVISUAL
650 4 _aCURRICULO
650 4 _aTECNOLOGIA EDUCATIVA
653 _aEDUCACION SECUNDARIA
653 _aEDUCACION PRIMARIA
653 _aEDUCACION INICIAL
800 1 _aAntúnez, Serafín
942 _cBK
998 _cSILVI
999 _c11586
_d11586